| 000 | 00751nam a22001337a 4500 | ||
|---|---|---|---|
| 040 | _cRUA | ||
| 082 | _aAGR EAM1 2.018 B663 Or | ||
| 100 | _aEAM SREYNICH អៀម ស្រីនិច | ||
| 245 | _aប្រសិទ្ធភាពនៃការចម្រាញ់ប្រភេទរុក្ខជាតិក្នុងការប្រឆាំងជំងឺផ្សិតអុលមូល ដែលបង្កដោយភ្នាក់ងារ altetnaria solani នៅលើប៉េងប៉ោះ the efficiency of plant extracts for antifungal activity caused by Alternaria solani on tomato ( solanum lycopersicum ) | ||
| 260 |
_aRUA _bPhnom penh _c2018 |
||
| 300 |
_avi;29p _bill; _c29cm |
||
| 856 | _uEAM SREYNICH | ||
| 942 | _cAGR | ||
| 999 |
_c19230 _d19230 |
||